[Event "Cappelle op 38th"]
[Site "Cappelle la Grande"]
[Date "2022.02.12"]
[Round "1"]
[White "Le Marec, Simon"]
[Black "Dardha, Daniel"]
[Result "0-1"]
[WhiteElo "2222"]
[BlackElo "2541"]
[PlyCount "78"]
[EventDate "2022.02.12"]
[EventType "swiss"]
[EventRounds "9"]
[EventCountry "FRA"]
[SourceTitle "CBM 206 Extra"]
[Source "ChessBase"]
[SourceDate "2022.03.31"]
[SourceVersion "1"]
[SourceVersionDate "2022.03.31"]
[SourceQuality "1"]

1. d4 Nf6 2. c4 e6 3. Nc3 Bb4 4. e3 b6 5. Nge2 Bb7 6. a3 Be7 7. d5 0-0 8. g3 b5 9. Nxb5 exd5 10. Bg2 c6 11. Nbd4 dxc4 12. 0-0 d5 13. b3 Qc8 14. bxc4 c5 15. Nf3 dxc4 16. Bb2 Nbd7 17. Nf4 Nb6 18. a4 Rd8 19. Qc1 Nbd5 20. Qxc4 Ba6 21. Nxd5 Nxd5 22. Qe4 Bxf1 23. Rxf1 Bf6 24. Rd1 Qe6 25. Ne5 Rab8 26. Rxd5 Qxd5 27. Qxd5 Rxd5 28. Bxd5 Rxb2 29. Nxf7 Rd2 30. Bb3 Kf8 31. h4 Rd7 32. Ng5 Bxg5 33. hxg5 Rd3 34. Bc2 Rd2 35. Bb3 Rb2 36. Bc4 Rb4 37. Bb5 c4 38. Kf1 c3 39. Ke2 Rb2+ 0-1

[Event "Liffre op"]
[Site "Liffre"]
[Date "2018.10.21"]
[Round "2"]
[White "Le Marec, Simon"]
[Black "Bailet, Pierre"]
[Result "1/2-1/2"]
[WhiteElo "2211"]
[BlackElo "2493"]
[PlyCount "71"]
[EventDate "2018.10.20"]
[EventType "swiss"]
[EventRounds "9"]
[EventCountry "FRA"]
[SourceTitle "CBM 187 Extra"]
[Source "ChessBase"]
[SourceDate "2018.11.04"]
[SourceVersion "1"]
[SourceVersionDate "2018.11.04"]
[SourceQuality "1"]

1. d4 Nf6 2. c4 g6 3. g3 Bg7 4. Bg2 0-0 5. Nc3 d6 6. Nf3 Nc6 7. 0-0 a6 8. h3 Bd7 9. e4 e5 10. dxe5 dxe5 11. Be3 Be6 12. Qa4 b5 13. cxb5 axb5 14. Qxb5 Nd4 15. Qxe5 Nxf3+ 16. Bxf3 Nd5 17. Qg5 f6 18. Qh4 Nxe3 19. fxe3 Qd2 20. Nd5 Bxd5 21. exd5 Rab8 22. Rf2 Qxe3 23. Kg2 f5 24. Rb1 Bd4 25. Re2 Qd3 26. Rbe1 Rxb2 27. Rxb2 Bxb2 28. Re7 Bg7 29. Qf4 Qc2+ 30. Be2 Rf7 31. Re8+ Bf8 32. a4 Re7 33. Rxe7 Bxe7 34. Qc4 Qxc4 35. Bxc4 Kg7 36. Kf3 1/2-1/2

[Event "Quimper op 8th"]
[Site "Quimper"]
[Date "2017.11.02"]
[Round "5"]
[White "Le Marec, Simon"]
[Black "Stephan, Victor"]
[Result "0-1"]
[WhiteElo "2211"]
[BlackElo "2329"]
[PlyCount "82"]
[EventDate "2017.10.31"]
[EventType "swiss"]
[EventRounds "6"]
[EventCountry "FRA"]
[SourceTitle "EXT 2023"]
[Source "ChessBase"]
[SourceDate "2022.10.05"]
[SourceVersion "1"]
[SourceVersionDate "2022.10.05"]
[SourceQuality "1"]

1. d4 d5 2. c4 e6 3. Nc3 Nf6 4. cxd5 exd5 5. Bg5 c6 6. Qc2 Be7 7. e3 Nbd7 8. Bd3 Nh5 9. Bxe7 Qxe7 10. 0-0-0 Nb6 11. Nf3 g6 12. Ne5 Be6 13. g4 Ng7 14. f4 f6 15. f5 fxe5 16. dxe5 Nd7 17. f6 Nxf6 18. exf6 Qxf6 19. h3 0-0-0 20. Kb1 Qe5 21. Rhe1 Kb8 22. Bf1 Bc8 23. Na4 Ne6 24. Nc5 Nxc5 25. Qxc5 Rhe8 26. Qd4 Rd7 27. Qxe5+ Rxe5 28. Kc2 Rf7 29. Bg2 h5 30. gxh5 gxh5 31. Rd4 Rf2+ 32. Rd2 Rxd2+ 33. Kxd2 Rg5 34. Re2 Rg3 35. Rf2 Bxh3 36. Bxh3 Rxh3 37. Rf7 a6 38. a4 a5 39. b3 d4 40. exd4 Rxb3 41. Rf8+ Kc7 0-1

[Event "Liffre op"]
[Site "Liffre"]
[Date "2017.10.21"]
[Round "1"]
[White "Le Marec, Simon"]
[Black "Lalic, Bogdan"]
[Result "1/2-1/2"]
[WhiteElo "2211"]
[BlackElo "2438"]
[PlyCount "40"]
[EventDate "2017.10.21"]
[EventType "swiss"]
[EventRounds "9"]
[EventCountry "FRA"]
[SourceTitle "CBM 181 Extra"]
[Source "ChessBase"]
[SourceDate "2017.12.12"]
[SourceVersion "1"]
[SourceVersionDate "2017.12.12"]
[SourceQuality "1"]

1. d4 Nf6 2. c4 e6 3. g3 d5 4. Bg2 dxc4 5. Nf3 Bb4+ 6. Bd2 c5 7. Bxb4 cxb4 8. a3 0-0 9. 0-0 Nc6 10. axb4 Nxb4 11. Ne5 a5 12. Nxc4 Ra7 13. Nc3 b6 14. Qd2 Ba6 15. Ne5 Rc7 16. Rfd1 Qe7 17. Rac1 Rfc8 18. e4 Ne8 19. Bf1 Bxf1 20. Kxf1 Nd6 1/2-1/2

[Event "Sautron op 16th"]
[Site "Sautron"]
[Date "2016.10.28"]
[Round "8.17"]
[White "Harutyunyan, Safar"]
[Black "Le Marec, Simon"]
[Result "1/2-1/2"]
[WhiteElo "1886"]
[BlackElo "2212"]
[PlyCount "77"]
[EventDate "2016.10.22"]
[EventType "swiss"]
[EventRounds "9"]
[EventCountry "FRA"]
[SourceTitle "EXT 2019"]
[Source "ChessBase"]
[SourceDate "2018.10.10"]
[SourceVersion "1"]
[SourceVersionDate "2018.10.10"]
[SourceQuality "1"]

1. e4 c5 2. Nf3 a6 3. c3 e6 4. d4 d5 5. exd5 exd5 6. Bd3 Bd6 7. Be3 c4 8. Bc2 Nc6 9. 0-0 Nge7 10. Re1 0-0 11. Nbd2 Bf5 12. Nf1 b5 13. Ng3 Bg6 14. Qd2 Qc7 15. Bxg6 hxg6 16. Ne2 b4 17. Bf4 bxc3 18. bxc3 Rab8 19. Rab1 Rb5 20. Rxb5 axb5 21. Ne5 Rb8 22. Nxc6 Nxc6 23. Bxd6 Qxd6 24. Qf4 Qd8 25. Rb1 g5 26. Qd2 f6 27. f4 g4 28. f5 Qe7 29. Kf2 Qe4 30. Rb2 Qxf5+ 31. Kg3 Kf7 32. Qf4 Qxf4+ 33. Kxf4 b4 34. cxb4 Rxb4 35. Rxb4 Nxb4 36. a4 Ke6 37. Kxg4 Nc6 38. Kf4 g6 39. h4 1/2-1/2

[Event "Sautron op 16th"]
[Site "Sautron"]
[Date "2016.10.22"]
[Round "4.6"]
[White "Navrotescu, Catalin"]
[Black "Le Marec, Simon"]
[Result "1/2-1/2"]
[WhiteElo "2360"]
[BlackElo "2212"]
[PlyCount "75"]
[EventDate "2016.10.22"]
[EventType "swiss"]
[EventRounds "9"]
[EventCountry "FRA"]
[SourceTitle "EXT 2019"]
[Source "ChessBase"]
[SourceDate "2018.10.10"]
[SourceVersion "1"]
[SourceVersionDate "2018.10.10"]
[SourceQuality "1"]

1. d4 d5 2. c4 dxc4 3. e3 Nf6 4. Bxc4 e6 5. Nf3 a6 6. 0-0 b5 7. Bb3 Bb7 8. a4 b4 9. Nbd2 c5 10. e4 Nxe4 11. Nxe4 Bxe4 12. Re1 Bd5 13. Bg5 Be7 14. Bxe7 Bxb3 15. Bxd8 Bxd1 16. Raxd1 Kxd8 17. d5 Ke7 18. d6+ Ke8 19. Ne5 Nd7 20. Nc4 h5 21. f4 g6 22. Rc1 Rc8 23. Re2 h4 24. g4 hxg3 25. hxg3 Rc6 26. a5 Nf8 27. Rd2 Nd7 28. Kg2 f6 29. Re1 Kf7 30. Rde2 Re8 31. Kf3 e5 32. g4 g5 33. fxg5 fxg5 34. Nxe5+ Nxe5+ 35. Rxe5 Rxe5 36. Rxe5 Rxd6 37. Rxc5 Rd2 38. Rc6 1/2-1/2

[Event "Cappelle op 32nd"]
[Site "Cappelle la Grande"]
[Date "2016.02.15"]
[Round "3"]
[White "Gourlay, Iain"]
[Black "Le Marec, Simon"]
[Result "0-1"]
[WhiteElo "2412"]
[BlackElo "2202"]
[PlyCount "96"]
[EventDate "2016.02.13"]
[EventType "swiss"]
[EventRounds "9"]
[EventCountry "FRA"]
[SourceTitle "EXT 2017"]
[Source "ChessBase"]
[SourceDate "2016.10.25"]
[SourceVersion "1"]
[SourceVersionDate "2016.10.25"]
[SourceQuality "1"]

1. Nf3 d5 2. c4 e6 3. g3 Nf6 4. Bg2 Be7 5. 0-0 0-0 6. b3 a5 7. Nc3 d4 8. Nb5 c5 9. d3 Nc6 10. Bf4 Ne8 11. e4 dxe3 12. Bxe3 e5 13. Ne1 Nc7 14. Nc3 Bf5 15. f4 exf4 16. Bxf4 Ne6 17. Nd5 Nxf4 18. Rxf4 Be6 19. Nc2 Bd6 20. Rf1 Qg5 21. Qc1 Qh5 22. Nf4 Bxf4 23. Rxf4 Rad8 24. Qe3 Qe5 25. Qxe5 Nxe5 26. Bxb7 Rxd3 27. Re1 Ng4 28. Bf3 Nf6 29. Kf2 Rfd8 30. Ne3 a4 31. bxa4 Ra3 32. Re2 Rxa4 33. Nd5 Kf8 34. Rd2 Bxd5 35. cxd5 Rxf4 36. gxf4 Ke7 37. Ke3 Kd6 38. Kd3 Ra8 39. Rb2 Ra3+ 40. Ke2 Nxd5 41. Bxd5 Kxd5 42. Kd1 g6 43. Kc1 Rf3 44. Rd2+ Kc4 45. Kb2 Rxf4 46. Rd7 Rf2+ 47. Ka3 Rxh2 48. Rxf7 g5 0-1

[Event "Cappelle op 32nd"]
[Site "Cappelle la Grande"]
[Date "2016.02.15"]
[Round "4"]
[White "Le Marec, Simon"]
[Black "Daulyte Cornette, Deimante"]
[Result "1/2-1/2"]
[WhiteElo "2202"]
[BlackElo "2391"]
[PlyCount "105"]
[EventDate "2016.02.13"]
[EventType "swiss"]
[EventRounds "9"]
[EventCountry "FRA"]
[SourceTitle "EXT 2017"]
[Source "ChessBase"]
[SourceDate "2016.10.25"]
[SourceVersion "1"]
[SourceVersionDate "2016.10.25"]
[SourceQuality "1"]

1. d4 Nf6 2. c4 e6 3. g3 d5 4. Bg2 dxc4 5. Nf3 Bd7 6. Ne5 Bc6 7. Nxc6 Nxc6 8. 0-0 Qd7 9. e3 0-0-0 10. Nd2 e5 11. Nxc4 exd4 12. Qb3 Nd5 13. Bd2 Kb8 14. Rac1 h5 15. Rfd1 h4 16. Na5 Nxa5 17. Bxa5 Nb6 18. Rxd4 Bd6 19. a4 hxg3 20. hxg3 Qe6 21. Qxe6 fxe6 22. Bc3 e5 23. Rg4 Rhg8 24. a5 Nd7 25. Bd5 Nf6 26. Bxg8 Nxg4 27. Be6 Nf6 28. Kg2 Ne4 29. Be1 Be7 30. Bf5 Nc5 31. Bb4 b6 32. axb6 cxb6 33. Bc3 Bf6 34. g4 a5 35. g5 Bxg5 36. Bxe5+ Kb7 37. f4 Bf6 38. Bxf6 Rd2+ 39. Kf3 gxf6 40. Rc2 Rxc2 41. Bxc2 Kc6 42. Kg4 Kd6 43. Kf5 Ke7 44. Bb1 Na4 45. b3 Nc3 46. Bd3 b5 47. e4 a4 48. bxa4 bxa4 49. Bc4 a3 50. e5 fxe5 51. Kxe5 a2 52. Bxa2 Nxa2 53. f5 1/2-1/2

[Event "Cappelle op 32nd"]
[Site "Cappelle la Grande"]
[Date "2016.02.13"]
[Round "1"]
[White "Erenberg, Ariel"]
[Black "Le Marec, Simon"]
[Result "0-1"]
[WhiteElo "2410"]
[BlackElo "2202"]
[PlyCount "106"]
[EventDate "2016.02.13"]
[EventType "swiss"]
[EventRounds "9"]
[EventCountry "FRA"]
[SourceTitle "EXT 2017"]
[Source "ChessBase"]
[SourceDate "2016.10.25"]
[SourceVersion "1"]
[SourceVersionDate "2016.10.25"]
[SourceQuality "1"]

1. Nf3 d5 2. g3 Nf6 3. d4 e6 4. Bg2 Be7 5. 0-0 0-0 6. b3 Nbd7 7. Ba3 c5 8. Nbd2 b5 9. Bb2 Bb7 10. a4 a6 11. e3 c4 12. Ne5 Qc7 13. Ndf3 Nb6 14. a5 Nc8 15. Ba3 b4 16. Bb2 Ne4 17. Ne1 f6 18. Bxe4 fxe5 19. Bg2 c3 20. Bc1 e4 21. Bh3 Rf6 22. f4 Nd6 23. g4 g5 24. Bg2 Bc6 25. fxg5 Rxf1+ 26. Bxf1 Bxg5 27. Ng2 Bb5 28. Bxb5 Nxb5 29. Qe1 Qg7 30. Ra4 Be7 31. h3 Bd6 32. Qh4 Rf8 33. g5 Rf5 34. Qh6 Qxh6 35. gxh6 Rh5 36. h4 Rxh6 37. Kf2 Kf7 38. Ke2 Kg6 39. Kf2 Kf5 40. Ke2 Kg4 41. Kf2 Rf6+ 42. Nf4 Kxh4 43. Kg2 Kg4 44. Nh3 h5 45. Nf4 Na7 46. Nh3 Nc6 47. Nf4 h4 48. Nh3 Rf3 49. Nf2+ Kf5 50. Ra1 Bg3 51. Nh1 Kg4 52. Rb1 h3+ 53. Kg1 Ne7 0-1

[Event "Sautron op 15th"]
[Site "Sautron"]
[Date "2015.10.24"]
[Round "8.11"]
[White "Navrotescu, Andreea Cristiana"]
[Black "Le Marec, Simon"]
[Result "0-1"]
[WhiteElo "2270"]
[BlackElo "2152"]
[PlyCount "120"]
[EventDate "2015.10.24"]
[EventType "swiss"]
[EventRounds "9"]
[EventCountry "FRA"]
[SourceTitle "CBM 169 Extra"]
[Source "ChessBase"]
[SourceDate "2015.12.18"]
[SourceVersion "1"]
[SourceVersionDate "2015.12.18"]
[SourceQuality "1"]

1. c4 e5 2. g3 Nf6 3. Nc3 d5 4. cxd5 Nxd5 5. Bg2 Nb6 6. Nf3 Nc6 7. 0-0 Be7 8. a3 0-0 9. b4 Be6 10. Rb1 f6 11. d3 a5 12. b5 Nd4 13. Nd2 Qc8 14. e3 Nf5 15. Nde4 a4 16. f4 Qd7 17. Rf2 Rfd8 18. g4 Nh6 19. f5 Bb3 20. Qf3 Qxd3 21. Bf1 Qd7 22. h4 Kh8 23. g5 Ng8 24. gxf6 gxf6 25. Kh2 Bf7 26. Bb2 Nh6 27. Rd1 Qe8 28. Rxd8 Rxd8 29. Qg3 Qg8 30. Ng5 Bh5 31. Bh3 Nc4 32. Ba1 Rd2 33. Rxd2 Nxd2 34. Qg2 fxg5 35. Qxd2 gxh4 36. Ne4 Bd6 37. Qf2 Ng4+ 38. Bxg4 Qxg4 39. Qg2 Qxg2+ 40. Kxg2 Bg4 41. f6 Kg8 42. Nf2 Bf5 43. e4 Bd7 44. Nd3 h3+ 45. Kg3 Bxb5 46. Nxe5 Bc6 47. Kxh3 Bxe4 48. Nc4 Bf5+ 49. Kh4 Bf4 50. Bc3 Kf7 51. Na5 b6 52. Nc6 h6 53. Ne5+ Kf8 54. Kh5 Bg5 55. Nf3 Bc1 56. Nh4 Be4 57. Ng6+ Kf7 58. Ne5+ Ke6 59. f7 Bxa3 60. Kxh6 Bf8+ 0-1

[Event "Liffre op 1st"]
[Site "Liffre"]
[Date "2015.10.17"]
[Round "6"]
[White "Le Marec, Simon"]
[Black "Swayams, Mishra"]
[Result "0-1"]
[WhiteElo "2152"]
[BlackElo "2444"]
[PlyCount "72"]
[EventDate "2015.10.17"]
[EventType "swiss"]
[EventRounds "9"]
[EventCountry "FRA"]
[SourceTitle "EXT 2019"]
[Source "ChessBase"]
[SourceDate "2018.10.10"]
[SourceVersion "1"]
[SourceVersionDate "2018.10.10"]
[SourceQuality "1"]

1. d4 Nf6 2. c4 b6 3. Nc3 Bb7 4. f3 d5 5. cxd5 Nxd5 6. e4 Nxc3 7. bxc3 e5 8. Bc4 exd4 9. cxd4 Bb4+ 10. Kf2 Bc3 11. Bxf7+ Kf8 12. Bd5 Bxd5 13. Ba3+ Kg8 14. Rc1 Bxe4 15. Rxc3 Bd5 16. Nh3 Qh4+ 17. Kf1 c6 18. Qe1 Qxe1+ 19. Kxe1 Kf7 20. Kf2 Re8 21. Nf4 Bxa2 22. Ra1 Be6 23. d5 Bd7 24. Bd6 c5 25. Bc7 g5 26. Nd3 Bb5 27. Bxb6 Na6 28. Ba5 c4 29. Nb2 Re5 30. Rd1 Rc8 31. Rd4 Rc5 32. h4 Rcxd5 33. Rxd5 Rxd5 34. Ke3 gxh4 35. Ke4 Rg5 36. Rc2 Bc6+ 0-1

[Event "Plancoet op 11th"]
[Site "Plancoet"]
[Date "2014.07.27"]
[Round "1"]
[White "Terrieux, Kevin"]
[Black "Le Marec, Simon"]
[Result "1-0"]
[WhiteElo "2417"]
[BlackElo "2132"]
[PlyCount "57"]
[EventDate "2014.07.27"]
[EventType "swiss"]
[EventRounds "9"]
[EventCountry "FRA"]
[SourceTitle "CBM 161 Extra"]
[Source "ChessBase"]
[SourceDate "2014.08.29"]
[SourceVersion "1"]
[SourceVersionDate "2014.08.29"]
[SourceQuality "1"]

1. d4 Nf6 2. c4 c5 3. d5 b5 4. cxb5 a6 5. b6 e6 6. Nc3 Nxd5 7. Nxd5 exd5 8. Qxd5 Nc6 9. Nf3 Qf6 10. e4 Rb8 11. Bc4 Be7 12. 0-0 h6 13. Be3 Nb4 14. Qd2 0-0 15. a3 Nc6 16. e5 Qg6 17. Bd3 Qh5 18. Rac1 Rxb6 19. Rxc5 Rb3 20. Rd5 Rxd3 21. Qxd3 Bb7 22. Rxd7 Ba8 23. Bf4 Qg4 24. Bg3 Bc5 25. b4 Bb6 26. Rd6 h5 27. Qxa6 Nxe5 28. Nxe5 Qe4 29. Nf3 1-0

[Event "Rennes Masters op"]
[Site "Rennes"]
[Date "2013.04.01"]
[Round "5"]
[White "Busnel, Laurent"]
[Black "Le Marec, Simon"]
[Result "0-1"]
[WhiteElo "1909"]
[BlackElo "2136"]
[PlyCount "130"]
[EventDate "2013.03.30"]
[EventType "tourn"]
[EventRounds "7"]
[EventCountry "FRA"]
[SourceTitle "EXT 2014"]
[Source "ChessBase"]
[SourceDate "2013.11.20"]
[SourceVersion "1"]
[SourceVersionDate "2013.11.20"]
[SourceQuality "1"]

1. e4 e6 2. d4 d5 3. Nc3 Bb4 4. exd5 Qxd5 5. Nf3 Nf6 6. a3 Qa5 7. Bd2 Be7 8. Bc4 Qh5 9. 0-0 0-0 10. Re1 Bd6 11. Nb5 a6 12. Nxd6 cxd6 13. Bg5 Nbd7 14. Qd2 b5 15. Be2 Ne4 16. Qe3 Nxg5 17. Nxg5 Qh6 18. Bf3 d5 19. Be2 Nb6 20. b3 f6 21. Nf3 Qxe3 22. fxe3 Bd7 23. Bd3 Rfc8 24. Re2 Bc6 25. Rf2 Rc7 26. g4 Re8 27. Re1 Nc8 28. Rg2 e5 29. Bf1 h6 30. h3 Nd6 31. Ree2 b4 32. a4 a5 33. Ne1 Ne4 34. Nd3 Nc3 35. Rd2 exd4 36. exd4 Re3 37. Kh2 Rce7 38. Nc5 Kf7 39. Bd3 Bd7 40. Rg3 Bc8 41. Rxe3 Rxe3 42. Rg2 Rf3 43. Rg3 Rf2+ 44. Rg2 Rf4 45. Rd2 Rf3 46. Kg2 Re3 47. Rf2 g6 48. Rf3 Re1 49. Rf1 Re7 50. Kf2 f5 51. gxf5 Bxf5 52. Kg3 Kf6 53. Rf3 Ne2+ 54. Bxe2 Rxe2 55. Nb7 Rxc2 56. Nxa5 Rc7 57. Kf2 g5 58. Re3 Be4 59. Kg3 Rc2 60. Rxe4 dxe4 61. h4 Rc3+ 62. Kg4 gxh4 63. Kxh4 e3 64. Kg3 h5 65. d5 h4+ 0-1

[Event "Rennes Masters op"]
[Site "Rennes"]
[Date "2013.03.31"]
[Round "4"]
[White "Le Marec, Simon"]
[Black "Durand Le Ludec, Brendan Bubok"]
[Result "1-0"]
[WhiteElo "2136"]
[BlackElo "1769"]
[PlyCount "119"]
[EventDate "2013.03.30"]
[EventType "tourn"]
[EventRounds "7"]
[EventCountry "FRA"]
[SourceTitle "EXT 2014"]
[Source "ChessBase"]
[SourceDate "2013.11.20"]
[SourceVersion "1"]
[SourceVersionDate "2013.11.20"]
[SourceQuality "1"]

1. d4 Nf6 2. Nf3 d5 3. e3 c5 4. Bd3 Nc6 5. b3 Bg4 6. Bb2 e6 7. h3 Bh5 8. Nbd2 Bd6 9. 0-0 0-0 10. c4 Rc8 11. a3 Qe7 12. cxd5 Nxd5 13. Qb1 Bg6 14. Ne4 cxd4 15. Nxd6 Qxd6 16. Nxd4 Nxd4 17. Bxd4 Nc3 18. Bxc3 Bxd3 19. Bb4 Qa6 20. Qb2 Bxf1 21. Bxf8 Kxf8 22. Rxf1 Qd3 23. b4 Qc3 24. Qb1 Qc2 25. Qe1 Rc3 26. b5 b6 27. Qa1 Qd3 28. a4 Ra3 29. Qe5 Rxa4 30. Qb8+ Ke7 31. Rc1 Qxb5 32. Qb7+ Kf6 33. Rc7 Qh5 34. f4 Qg6 35. f5 Qh5 36. g4 Rxg4+ 37. hxg4 Qxg4+ 38. Kf2 Qxf5+ 39. Qf3 h5 40. Rxa7 h4 41. Rb7 g5 42. e4 Qxf3+ 43. Kxf3 Kg6 44. Rxb6 Kh5 45. e5 g4+ 46. Kf4 g3 47. Rb2 Kg6 48. Kg4 h3 49. Kxh3 Kf5 50. Kxg3 Kxe5 51. Kf3 Kd4 52. Rd2+ Ke5 53. Ke3 f5 54. Ra2 Kf6 55. Ra6 Ke5 56. Ra5+ Kf6 57. Kf4 Kg6 58. Ra6 Kf6 59. Rb6 Ke7 60. Ke5 1-0

[Event "Rennes Masters op"]
[Site "Rennes"]
[Date "2013.03.30"]
[Round "2"]
[White "Le Marec, Simon"]
[Black "Stephan, Victor"]
[Result "0-1"]
[WhiteElo "2136"]
[BlackElo "2313"]
[PlyCount "74"]
[EventDate "2013.03.30"]
[EventType "tourn"]
[EventRounds "7"]
[EventCountry "FRA"]
[SourceTitle "EXT 2014"]
[Source "ChessBase"]
[SourceDate "2013.11.20"]
[SourceVersion "1"]
[SourceVersionDate "2013.11.20"]
[SourceQuality "1"]

1. d4 Nf6 2. Nf3 e6 3. e3 d5 4. Bd3 c5 5. b3 Nc6 6. 0-0 Bd6 7. Bb2 Qc7 8. c4 b6 9. Nc3 a6 10. Rc1 cxd4 11. exd4 Bf4 12. Ra1 0-0 13. Qe2 Bb7 14. Ba3 dxc4 15. bxc4 Rfd8 16. Rad1 Na5 17. Bb2 Rac8 18. Rfe1 Nxc4 19. Ba1 b5 20. Ne5 Bxe5 21. dxe5 Nd5 22. Nxd5 Bxd5 23. Qc2 g6 24. h4 Qe7 25. h5 Qg5 26. Be4 Ne3 27. Qxc8 Rxc8 28. Rxe3 Bxe4 29. Rxe4 Rc1 30. Red4 Rxd1+ 31. Rxd1 Qxh5 32. Rd6 Qe2 33. Bd4 Kg7 34. a3 g5 35. Be3 h6 36. Rxa6 b4 37. Ra8 b3 0-1

[Event "Rennes op 4th"]
[Site "Rennes"]
[Date "2011.07.22"]
[Round "9"]
[White "Ider, Borya"]
[Black "Le Marec, Simon"]
[Result "0-1"]
[WhiteElo "2359"]
[BlackElo "2108"]
[PlyCount "104"]
[EventDate "2011.07.16"]
[EventType "swiss"]
[EventRounds "9"]
[EventCountry "FRA"]
[SourceTitle "CBM 143 Extra"]
[Source "ChessBase"]
[SourceDate "2011.08.29"]
[SourceVersion "1"]
[SourceVersionDate "2011.08.29"]
[SourceQuality "1"]

1. d4 e6 2. Nf3 Nf6 3. g3 d5 4. Bg2 Be7 5. 0-0 0-0 6. c4 dxc4 7. Ne5 Nc6 8. Bxc6 bxc6 9. Nxc6 Qe8 10. Nxe7+ Qxe7 11. Qa4 e5 12. dxe5 Qxe5 13. Qxc4 Be6 14. Qd3 Rfd8 15. Qe3 Qa5 16. Nc3 Rab8 17. f3 Bh3 18. Re1 Nd5 19. Qf2 Nb4 20. Be3 Nc2 21. Bxa7 Ra8 22. Bc5 Rab8 23. b4 Qa3 24. Ne4 Nxa1 25. Rxa1 Bf5 26. Ng5 Qb2 27. Re1 h6 28. g4 hxg5 29. gxf5 Qxa2 30. Qg3 Qd2 31. Kf2 Qf4 32. Rg1 Qxg3+ 33. Rxg3 f6 34. h4 gxh4 35. Rh3 Rd5 36. e4 Rd3 37. Rxh4 Ra8 38. Rh3 Raa3 39. Kg2 Rab3 40. Rg3 Kf7 41. Rh3 Rd7 42. Rh8 Rd2+ 43. Kg3 g5 44. Rh7+ Ke8 45. Rxc7 Rbb2 46. Kg4 Rh2 47. f4 Rh4+ 48. Kg3 Rb3+ 49. Kg2 Rg4+ 50. Kh2 gxf4 51. e5 Rb2+ 52. Kh1 f3 0-1

[Event "Ile et Vilaine op"]
[Site "Rennes"]
[Date "2011.06.13"]
[Round "5"]
[White "Prioul, Jean"]
[Black "Le Marec, Simon"]
[Result "1/2-1/2"]
[WhiteElo "1905"]
[BlackElo "2115"]
[PlyCount "55"]
[EventDate "2011.06.11"]
[EventType "swiss"]
[EventRounds "7"]
[EventCountry "FRA"]
[SourceTitle "EXT 2012"]
[Source "ChessBase"]
[SourceDate "2011.11.24"]
[SourceVersion "1"]
[SourceVersionDate "2011.11.24"]
[SourceQuality "1"]

1. Nf3 Nf6 2. c4 e6 3. Nc3 d5 4. d4 Be7 5. Bg5 0-0 6. e3 Nbd7 7. cxd5 exd5 8. Bd3 Re8 9. 0-0 c6 10. Qc2 Nf8 11. Bxf6 Bxf6 12. b4 Be7 13. b5 c5 14. dxc5 Bxc5 15. Ne2 Bb6 16. Ned4 Bg4 17. Bf5 Bh5 18. Rfc1 Ne6 19. Bxh7+ Kh8 20. Qf5 Bxf3 21. Nxf3 g6 22. Qxf7 Re7 23. Qxg6 Nf8 24. Qf6+ Kxh7 25. Rd1 Rd7 26. Qf5+ Kg8 27. Ne5 Rg7 28. Nf3 1/2-1/2

[Event "Naujac op 14th"]
[Site "Naujac"]
[Date "2011.06.??"]
[Round "7"]
[White "Le Marec, Simon"]
[Black "Saucey, Michel"]
[Result "1-0"]
[WhiteElo "2115"]
[BlackElo "2299"]
[PlyCount "111"]
[EventDate "2011.06.26"]
[EventType "swiss"]
[EventRounds "9"]
[EventCountry "FRA"]
[SourceTitle "EXT 2013"]
[Source "ChessBase"]
[SourceDate "2012.11.22"]
[SourceVersion "1"]
[SourceVersionDate "2012.11.22"]
[SourceQuality "1"]

1. d4 d5 2. Nf3 Nf6 3. g3 g6 4. Bg2 Bg7 5. c4 c6 6. b3 0-0 7. 0-0 Ne4 8. Bb2 Bf5 9. Nfd2 Nd7 10. Nxe4 Bxe4 11. f3 Bf5 12. e4 Be6 13. Nc3 Nb6 14. exd5 cxd5 15. c5 Nd7 16. b4 Nf6 17. Re1 b6 18. a4 Rc8 19. Qd2 a5 20. cxb6 axb4 21. Nb5 Qxb6 22. Qxb4 Rc4 23. Qb3 Ra8 24. Bf1 Rcc8 25. Ba3 Nd7 26. Red1 Bf6 27. Bb4 Qb7 28. a5 Bf5 29. Rdc1 Nb8 30. Rxc8+ Bxc8 31. Bc5 Nd7 32. Bb4 Nb8 33. Bd2 Bd7 34. Bc3 Na6 35. Qb1 Rb8 36. Na3 Qa7 37. Qd3 Nc7 38. Qd1 e5 39. Kh1 exd4 40. Be1 Rb2 41. Rb1 d3 42. Bxd3 Qc5 43. Rxb2 Bxb2 44. Nc2 Bb5 45. Qe2 Bc4 46. Ne3 Bxd3 47. Qxd3 d4 48. Ng4 Qc1 49. Qd2 Qa1 50. Kg2 Bc3 51. Qf4 Qa2+ 52. Bf2 Qc4 53. Ne5 Qd5 54. Ng4 d3 55. Qxc7 d2 56. Qxc3 1-0

[Event "Naujac op 14th"]
[Site "Naujac"]
[Date "2011.06.??"]
[Round "1"]
[White "Le Marec, Simon"]
[Black "Van Delft, Merijn"]
[Result "0-1"]
[WhiteElo "2115"]
[BlackElo "2401"]
[PlyCount "62"]
[EventDate "2011.06.26"]
[EventType "swiss"]
[EventRounds "9"]
[EventCountry "FRA"]
[SourceTitle "EXT 2013"]
[Source "ChessBase"]
[SourceDate "2012.11.22"]
[SourceVersion "1"]
[SourceVersionDate "2012.11.22"]
[SourceQuality "1"]

1. Nf3 d5 2. d4 Nf6 3. c4 c6 4. Qc2 g6 5. cxd5 cxd5 6. Bf4 Nc6 7. Nc3 Bg7 8. e3 0-0 9. Qb3 Na5 10. Qd1 Bf5 11. Nh4 Bg4 12. f3 Bd7 13. g4 Rc8 14. Bd3 Nc4 15. Qe2 Qa5 16. Rc1 b5 17. 0-0 e6 18. b3 Nxe3 19. Bxe3 Rxc3 20. Bd2 b4 21. Bxc3 bxc3 22. f4 Qb4 23. Nf3 Nxg4 24. a3 Qxb3 25. Ne5 Nxe5 26. fxe5 Qxa3 27. Qe3 Rc8 28. Ra1 Qb2 29. Rxa7 Be8 30. Qf2 c2 31. Raa1 Bh6 0-1

[Event "Rennes op 3th"]
[Site "Rennes"]
[Date "2010.07.21"]
[Round "7"]
[White "Okhotnik, Vladimir"]
[Black "Le Marec, Simon"]
[Result "1-0"]
[WhiteElo "2467"]
[BlackElo "2095"]
[PlyCount "107"]
[EventDate "2010.07.17"]
[EventType "swiss"]
[EventRounds "9"]
[EventCountry "FRA"]
[SourceTitle "EXT 2011"]
[Source "ChessBase"]
[SourceDate "2010.11.26"]
[SourceVersion "1"]
[SourceVersionDate "2010.11.26"]
[SourceQuality "1"]

1. e4 e6 2. d4 d5 3. exd5 exd5 4. c4 Bb4+ 5. Nc3 Ne7 6. Bd3 dxc4 7. Bxc4 0-0 8. Nge2 Nd7 9. 0-0 Nb6 10. Bb3 c6 11. Bg5 Kh8 12. Ne4 f6 13. Bd2 Bf5 14. Bxb4 Bxe4 15. Nf4 Bd5 16. Bxd5 Nbxd5 17. Ne6 Qc8 18. Bxe7 Re8 19. Bxf6 Nxf6 20. Ng5 Qd7 21. Qb3 Nd5 22. Rfe1 Qf5 23. Nf3 b5 24. Re5 Rxe5 25. Nxe5 Rf8 26. Qf3 Qxf3 27. Nxf3 Re8 28. Kf1 Kg8 29. Rc1 Re6 30. Ne5 Ne7 31. Ke2 Kf8 32. b4 Ke8 33. Rc3 Kd8 34. Ra3 Nc8 35. f4 Kc7 36. Rh3 h6 37. Rg3 Re7 38. Rg6 Kb7 39. Kd3 Rc7 40. a3 Nb6 41. g3 Nd5 42. Re6 Nf6 43. h3 Nh5 44. Rg6 Nf6 45. Ng4 Nh5 46. Ne3 Rf7 47. d5 Rd7 48. d6 Rf7 49. Kd4 Rf8 50. Ke5 Kc8 51. Nf5 Kd7 52. Nxg7 Rg8 53. Ne6 Re8 54. f5 1-0